| 000 | 01546cam a2200409 a 4500 | ||
|---|---|---|---|
| 001 | historyoffarting00bart | ||
| 003 | CaSfIA | ||
| 005 | 20210118100326.0 | ||
| 007 | cr|||| | ||
| 008 | 980624s1995 enka 000 0 eng c | ||
| 040 |
_aUk _cPUL _dUKV3G _dUKM _dBAKER _dCaSfIA |
||
| 015 | _aGB95-75222 | ||
| 019 | _a33404021 | ||
| 020 | _a1854797549 (pbk) | ||
| 020 | _a9781854797544 (pbk) | ||
| 020 | _a1854797549 | ||
| 020 | _a9781854797544 | ||
| 035 |
_a(OCoLC)60245113 _z(OCoLC)33404021 |
||
| 042 | _apcc | ||
| 050 | 0 |
_aPN6231.F55 _bB37 1995 |
|
| 082 | 0 | 0 |
_a828.91407 _220 |
| 100 | 1 | _aBart, Benjamin. | |
| 245 | 1 | 4 |
_aThe history of farting / _h[electronic resource] _cby Benjamin Bart. |
| 260 |
_aLondon : _bM. O'Mara, _c1995. |
||
| 300 |
_a160 p. : _bill. ; _c12 x 16 cm. |
||
| 650 | 0 |
_aFlatulence _xHumor. |
|
| 653 | 0 | _aEnglish prose | |
| 856 | 4 | 1 |
_uhttp://www.archive.org/details/historyoffarting00bart _zFree eBook from the Internet Archive |
| 856 | 4 | 2 |
_uhttp://www.openlibrary.org/books/OL8991049M _zAdditional information and access via Open Library |
| 029 | 1 |
_aUKM _bb9575222 |
|
| 029 | 1 |
_aAU@ _b000011711098 |
|
| 029 | 1 |
_aUNITY _b006157238 |
|
| 029 | 1 |
_aUKCCC _b1854797549 |
|
| 942 | _cEB | ||
| 506 | _fНеобхідна авторизація на https://archive.org/ (створення облікового запису безкоштовно) | ||
| 506 | _fНеобхідна авторизація на https://openlibrary.org/ (створення облікового запису безкоштовно) | ||
| 999 |
_c506876 _d506876 |
||